Länderfolge - Statistiken

Allgemein
  • Dieses Quiz wurde 128 mal gespielt
  • Das Durchschnittsergebnis liegt bei 12 aus 20
Antwortstatistiken
Antwort % Korrekt
Auch als "Land der aufgehenden Sonne" bekannt Japan
96%
Winziges Land in Ozeanien Nauru
90%
Ostafrikanisches Binnenland Uganda
85%
Bekannt für Tangotanz und -musik Argentinien
76%
In der Hauptstadt steht die "kleine Meerjungfrau" Dänemark
73%
Pablo Escobar Kolumbien
73%
Hauptstadt: Kathmandu Nepal
67%
Staatschuldenkrise in 2010 Griechenland
65%
EU-Beitritskandidat Nordmazedonien
61%
Land mit dem größten Bruttoinlandsprodukt (BIP) pro Kopf Luxemburg
59%
Amtssprachen: Arabisch, Französisch und Somali Dschibuti
58%
Heimatland von Jay-Jay Okocha Nigeria
58%
Besteht aus zwei Hauptinseln und 46 weiteren kleinen Inseln Antigua und Barbuda
56%
Währung: Dinar Irak
55%
Die Insel Koh Samui gehört zu diesem Land Thailand
55%
War bereits als Antwort in diesem Quiz Nauru
52%
Sieger der Eurovision Song Contest (ESC) in 2011 Aserbaidschan
51%
Ebenfalls Währung: Dinar Kuwait
46%
Beendet das Quiz da kein Land mit seinem Endbuchstaben beginnt Uruguay
46%
Wäre in englischer Sprache eine gültige Antwort Jemen
24%
Keine übereinstimmenden Quizze gefunden
Verteilung der Resultate
Anzahl Personen mit jedem Resultat
Perzentil nach korrekt beantworteten Fragen
Ihre Resultats-Entwicklung
Sie haben dieses Quiz noch nicht gespielt